Visualizzazione normale
Vista MARC
- RELIGIOSO [SPARTITI MUSICALI]
di Topical Term
Records bibliografici associati: 1
001 - CONTROL NUMBER
- control field: 23968
003 - CONTROL NUMBER IDENTIFIER
- control field: IT-RoPau
005 - DATE AND TIME OF LATEST TRANSACTION
- control field: 20140505165042.0
008 - FIXED-LENGTH DATA ELEMENTS
- fixed length control field: 140505|| aca||aabn | a|a d
040 ## - CATALOGING SOURCE
- Original cataloging agency: IT-RoPau
- Transcribing agency: IT-RoPau
150 ## - HEADING--TOPICAL TERM
- Topical term or geographic name entry element: RELIGIOSO [SPARTITI MUSICALI]
- : Codice MATERIA SPICS: 9953
670 ## - SOURCE DATA FOUND
- Source citation: Work cat.: (IT-RoPau)101984: Di Mario Angelo 853, Ci chiami alla festa (Messa dei fanciulli)